[Event "II Scaccomatto A"]
[Site "Torino ITA"]
[Date "1998.05.03"]
[Round "9"]
[White "Sacchini, Michele"]
[Black "Barbiso, Tiziana"]
[Result "0-1"]
[WhiteElo "2030"]
[BlackElo "1840"]
[PlyCount "99"]
[EventDate "1998.04.25"]

1.Nf3 d5 2.g3 Nf6 3.Bg2 c5 4.O-O Nc6 5.d4 cxd4 6.Nxd4 e5 7.Nxc6 bxc6 8.c4 
Bb7 9.Nc3 d4 10.Qa4 dxc3 11.Bxc6+ Bxc6 12.Qxc6+ Nd7 13.Rd1 Rc8 14.Qa4 Rc7 
15.Be3 Be7 16.b4 O-O 17.c5 Qc8 18.Rac1 Nf6 19.Rxc3 Rd8 20.Rcd3 Rxd3 21.
Rxd3 h6 22.Kg2 Qb7+ 23.f3 Rc8 24.Kf2 e4 25.Rd4 exf3 26.exf3 a5 27.a3 axb4 
28.axb4 Qc6 29.b5 Qe6 30.c6 Bc5 31.Rd3 Bxe3+ 32.Rxe3 Qd6 33.Qc4 Rb8 34.Re2
Qc7 35.Rc2 Ne8 36.Rd2 Nd6 37.Qf4 Nxb5 38.Rd7 Qb6+ 39.Kg2 Rf8 40.c7 Na7 41.
Qh4 Qc6 42.Qd8 Nc8 43.h4 Qc2+ 44.Rd2 Qb3 45.h5 Qb5 46.f4 Qf5 47.Rd7 Qc5 
48.Rd2 f5 49.Qxc8 Rxc8 50.Rd8+ 0-1

[Event "II Scaccomatto A"]
[Site "Torino ITA"]
[Date "1998.05.03"]
[Round "9"]
[White "Sarno, Spartaco"]
[Black "Luther, Thomas"]
[Result "1/2-1/2"]
[WhiteElo "2375"]
[BlackElo "2510"]
[PlyCount "20"]
[EventDate "1998.04.25"]

1.d4 d5 2.c4 c6 3.Nf3 Nf6 4.Nc3 e6 5.cxd5 exd5 6.Bg5 h6 7.Bxf6 Qxf6 8.e3 
Be7 9.Bd3 O-O 10.O-O Bg4 1/2-1/2

[Event "II Scaccomatto A"]
[Site "Torino ITA"]
[Date "1998.05.03"]
[Round "9"]
[White "Sebastianelli, Diego"]
[Black "Ranieri, Fabrizio"]
[Result "1-0"]
[WhiteElo "2345"]
[BlackElo "2195"]
[PlyCount "47"]
[EventDate "1998.04.25"]

1.e4 e6 2.d4 d5 3.Nc3 Bb4 4.e5 c5 5.a3 Bxc3+ 6.bxc3 Ne7 7.h4 Bd7 8.h5 h6 
9.Qg4 cxd4 10.cxd4 Qc7 11.Rh3 Nbc6 12.Rb1 Nf5 13.Nf3 Qa5+ 14.Kd1 O-O-O 15.
Bd3 Nce7 16.Qf4 g5 17.hxg6 Nxg6 18.Qd2 Qxd2+ 19.Bxd2 Nge7 20.g4 Ng7 21.Ke2
Ng6 22.Rbh1 h5 23.gxh5 Ne7 24.Bg5 1-0

[Event "II Scaccomatto A"]
[Site "Torino ITA"]
[Date "1998.05.03"]
[Round "9"]
[White "Spinelli, Doriano"]
[Black "Rossi, Carlo"]
[Result "0-1"]
[WhiteElo "2200"]
[BlackElo "2330"]
[PlyCount "102"]
[EventDate "1998.04.25"]

1.e4 Nc6 2.d4 d5 3.Nc3 e5 4.Bb5 Bd7 5.Nf3 dxe4 6.Bxc6 Bxc6 7.Nxe5 Nf6 8.
Bg5 Be7 9.Qd2 h6 10.Bf4 Bd5 11.a3 c6 12.Ne2 Be6 13.Ng3 Qb6 14.c4 Rd8 15.
Be3 Qb3 16.Rc1 Bd6 17.Qc3 Qxc3+ 18.Rxc3 c5 19.f4 exf3 20.Nxf3 Bxg3+ 21.
hxg3 Ne4 22.Rc1 Nxg3 23.Rh4 Nf5 24.Re4 Nxe3 25.Rxe3 cxd4 26.Rd3 Bf5 27.
Rxd4 Rxd4 28.Nxd4 Be4 29.g3 a6 30.Kd2 Kd7 31.b4 h5 32.Rf1 f6 33.Rf4 Re8 
34.Nb3 Bc6 35.a4 Kc7 36.b5 axb5 37.axb5 Bd7 38.Kc3 Re3+ 39.Kb4 Rxg3 40.Nd4
b6 41.Rf1 Rg6 42.Rd1 h4 43.c5 bxc5+ 44.Kxc5 Rg5+ 45.Kb4 Kb6 46.Ra1 Bxb5 
47.Ra8 Bd7 48.Rd8 Kc7 49.Ra8 h3 50.Ra7+ Kd6 51.Ra6+ Kd5 0-1

[Event "II Scaccomatto A"]
[Site "Torino ITA"]
[Date "1998.05.03"]
[Round "9"]
[White "Squarci, Franco"]
[Black "Malano, Francesco"]
[Result "0-1"]
[WhiteElo "1948"]
[BlackElo "2050"]
[PlyCount "92"]
[EventDate "1998.04.25"]

1.d4 c5 2.c3 e6 3.Nf3 d5 4.Nbd2 Nf6 5.e3 Be7 6.Bd3 O-O 7.O-O b6 8.Ne5 Bb7 
9.f4 Ne4 10.Rf3 Nd7 11.Bf1 f5 12.Rh3 Nxe5 13.fxe5 g5 14.Be2 g4 15.Rh6 Bg5 
16.Nxe4 fxe4 17.Rf6 Bxf6 18.exf6 Rxf6 19.Qe1 Rg6 20.Bd2 Qg5 21.Qg3 cxd4 
22.cxd4 Rc8 23.Rf1 h5 24.Qd6 Qd8 25.Qe5 Qe7 26.a3 a5 27.b4 Rg5 28.Qg3 Rf5 
29.Rf4 Rxf4 30.exf4 axb4 31.Bxb4 Rc1+ 32.Bf1 Ba6 33.Qf2 e3 34.Bxe7 exf2+ 
35.Kxf2 Rxf1+ 36.Kg3 Rd1 37.Bf6 Rd3+ 38.Kh4 Rxa3 39.Kxh5 Kf7 40.Be5 Be2 
41.g3 b5 42.Kg5 b4 43.Bd6 Ra4 44.f5 b3 45.h4 gxh3 46.fxe6+ Kxe6 0-1

[Event "IV Torneo Leonardo di Bona Internazionale"]
[Site "Cutro ITA"]
[Date "1998.04.24"]
[Round "1"]
[White "Abatino, Maurizio"]
[Black "Chatalbashev, Boris"]
[Result "0-1"]
[WhiteElo "2275"]
[BlackElo "2550"]
[PlyCount "46"]
[EventDate "1998.04.24"]

1. d4 Nf6 2. c4 e5 3. dxe5 Ng4 4. Bf4 Bb4+ 5. Nd2 d6 6. a3 dxe5 7. axb4 exf4 8.
Ngf3 Nc6 9. g3 fxg3 10. hxg3 Nxb4 11. Qa4+ Nc6 12. Qc2 h6 13. Bg2 O-O 14. O-O
Re8 15. e3 Qf6 16. Rac1 Bf5 17. Qb3 Rab8 18. Qa3 a5 19. Qc5 Rbd8 20. Rfe1 b6
21. Qb5 Nb4 22. Rc3 Nd3 23. Rf1 Nc5 0-1

[Event "IV Torneo Leonardo di Bona Internazionale"]
[Site "Cutro ITA"]
[Date "1998.04.24"]
[Round "1"]
[White "Borgo, Giulio"]
[Black "Barlov, Dragan"]
[Result "1-0"]
[WhiteElo "2430"]
[BlackElo "2490"]
[PlyCount "85"]
[EventDate "1998.04.24"]

1. e4 c5 2. Nf3 e6 3. c4 b6 4. Nc3 Bb7 5. Be2 a6 6. O-O d6 7. d4 cxd4 8. Nxd4
Nf6 9. f3 Nbd7 10. a4 Be7 11. Be3 O-O 12. a5 Qc7 13. axb6 Nxb6 14. Na4 Nfd7 15.
Nxb6 Nxb6 16. Qb3 Nd7 17. Rfc1 g6 18. Qd1 e5 19. Nb3 a5 20. Nd2 Nc5 21. b3 Rfb8
22. Qc2 Bc6 23. Qc3 Qb6 24. Rcb1 Qb4 25. Qc2 Bd8 26. Kh1 Bb6 27. Nf1 Ne6 28.
Bd2 Qc5 29. Ne3 Nd4 30. Qd3 Bd8 31. Nd5 Bxd5 32. exd5 Bf6 33. Ra4 Qb6 34. Bd1
Bd8 35. f4 Bf6 36. fxe5 Bxe5 37. Be3 Qc5 38. Ra2 a4 39. Rd2 axb3 40. Bxd4 Bxd4
41. Qxd4 Qxd4 42. Rxd4 b2 43. Kg1 1-0

[Event "IV Torneo Leonardo di Bona Internazionale"]
[Site "Cutro ITA"]
[Date "1998.04.24"]
[Round "1"]
[White "Drasko, Milan"]
[Black "Aleksic, Nenad"]
[Result "1/2-1/2"]
[WhiteElo "2515"]
[BlackElo "2445"]
[PlyCount "43"]
[EventDate "1998.04.24"]

1. d4 d5 2. c4 dxc4 3. Nf3 c5 4. e4 cxd4 5. Qxd4 Qxd4 6. Nxd4 a6 7. Bxc4 Bd7 8.
f3 Nc6 9. Be3 Rc8 10. Nd2 Nf6 11. Kf2 e6 12. Rac1 Nxd4 13. Bxd4 Be7 14. Nb3 O-O
15. Be2 Rxc1 16. Rxc1 Rc8 17. Rxc8+ Bxc8 18. Ke3 Kf8 19. Bc5 Nd7 20. Bxe7+ Kxe7
21. f4 e5 22. g3 1/2-1/2

[Event "IV Torneo Leonardo di Bona Internazionale"]
[Site "Cutro ITA"]
[Date "1998.04.24"]
[Round "1"]
[White "Efimov, Igor"]
[Black "Cabrilo, Goran"]
[Result "1/2-1/2"]
[WhiteElo "2525"]
[BlackElo "2490"]
[PlyCount "52"]
[EventDate "1998.04.24"]

1. d4 Nf6 2. c4 e6 3. Nf3 d5 4. Nc3 Nbd7 5. e3 c6 6. Bd3 dxc4 7. Bxc4 b5 8. Bd3
Bb7 9. a3 a6 10. b4 a5 11. Rb1 axb4 12. axb4 Bd6 13. O-O Qe7 14. Bd2 O-O 15.
Ne4 Nxe4 16. Bxe4 Ra6 17. Ne5 Nxe5 18. dxe5 Bxe5 19. Bxh7+ Kxh7 20. Qh5+ Kg8
21. Qxe5 Rd8 22. Bc3 f6 23. Qg3 Ra3 24. Rfc1 e5 25. h4 Qf7 26. Ra1 Rxa1 1/2-1/2

[Event "IV Torneo Leonardo di Bona Internazionale"]
[Site "Cutro ITA"]
[Date "1998.04.24"]
[Round "1"]
[White "Martorelli, Antonio"]
[Black "Zontakh, Andrey"]
[Result "0-1"]
[WhiteElo "2405"]
[BlackElo "2545"]
[PlyCount "78"]
[EventDate "1998.04.24"]

1. e4 c5 2. Nf3 Nc6 3. Bb5 g6 4. c3 Nf6 5. e5 Nd5 6. Qb3 e6 7. O-O Bg7 8. Qc4
Nxe5 9. Nxe5 Bxe5 10. Re1 Qg5 11. Qxc5 b6 12. Qc4 Bb7 13. Qe4 Bd6 14. d4 Qh5
15. g3 O-O-O 16. Be2 Qf5 17. Bf3 Qxe4 18. Bxe4 h5 19. c4 Nb4 20. Na3 Be7 21. d5
exd5 22. Bxg6 Bc5 23. Bf5 h4 24. Bf4 hxg3 25. Bxg3 Rdg8 26. Rad1 Rg5 27. Re5 f6
28. Bxd7+ Kxd7 29. Rxg5 fxg5 30. cxd5 Nxd5 31. Nc4 Re8 32. a3 Re4 33. Ne5+ Ke6
34. Nf3 Be7 35. Nd4+ Kf7 36. Nf5 Re2 37. b4 a6 38. Nd4 Ra2 39. b5 Nf4 0-1

[Event "IV Torneo Leonardo di Bona Internazionale"]
[Site "Cutro ITA"]
[Date "1998.04.25"]
[Round "2"]
[White "Chatalbashev, Boris"]
[Black "Borgo, Giulio"]
[Result "0-1"]
[WhiteElo "2550"]
[BlackElo "2430"]
[PlyCount "86"]
[EventDate "1998.04.24"]

1. d4 d5 2. c4 e6 3. Nf3 c6 4. e3 Nf6 5. Bd3 Nbd7 6. O-O Bd6 7. Nc3 O-O 8. e4
dxc4 9. Bxc4 e5 10. Re1 exd4 11. Nxd4 Ne5 12. Be2 Neg4 13. h3 Bc5 14. hxg4 Qxd4
15. Qxd4 Bxd4 16. g5 Bxc3 17. bxc3 Nxe4 18. Ba3 Rd8 19. Bf1 Nd2 20. Re7 Nxf1
21. Rxf1 b6 22. Bd6 Be6 23. Be5 Re8 24. Rxe8+ Rxe8 25. f4 h6 26. gxh6 f6 27.
Bd4 c5 28. Be3 Bg4 29. Kf2 gxh6 30. Rb1 Re4 31. Rb2 Kf7 32. Rd2 h5 33. Rd8 Ra4
34. Rd2 Ra3 35. Rc2 Bf5 36. Bc1 Bxc2 37. Bxa3 Bb1 38. Kg3 Kg6 39. Kh4 f5 40.
Bc1 Bxa2 41. Kg3 Bc4 42. Kf2 Kf6 43. Ke3 Ke6 0-1

[Event "IV Torneo Leonardo di Bona Internazionale"]
[Site "Cutro ITA"]
[Date "1998.04.25"]
[Round "2"]
[White "Efimov, Igor"]
[Black "Drasko, Milan"]
[Result "1/2-1/2"]
[WhiteElo "2525"]
[BlackElo "2515"]
[PlyCount "69"]
[EventDate "1998.04.24"]

1. d4 d5 2. c4 dxc4 3. e3 e6 4. Bxc4 c5 5. Nf3 a6 6. O-O Nf6 7. dxc5 Qxd1 8.
Rxd1 Bxc5 9. b3 b5 10. Be2 Bb7 11. Nbd2 Nbd7 12. a4 bxa4 13. bxa4 Bd5 14. Ba3
Ke7 15. Bxc5+ Nxc5 16. Rdc1 Nfd7 17. Nd4 Rab8 18. a5 Rb2 19. Nc4 Rxe2 20. Nxe2
Nb3 21. Nb2 Nxa1 22. Rxa1 Rb8 23. Na4 e5 24. f3 Bc4 25. Nec3 Rb3 26. e4 Ke6 27.
Kf2 Bb5 28. Nd5 Bxa4 29. Rxa4 Nc5 30. Ra2 Nd3+ 31. Kg3 Nb4 32. Nxb4 Rxb4 33.
Rc2 Kd7 34. Rd2+ Ke6 35. Rc2 1/2-1/2

[Event "IV Torneo Leonardo di Bona Internazionale"]
[Site "Cutro ITA"]
[Date "1998.04.25"]
[Round "2"]
[White "Zontakh, Andrey"]
[Black "Abatino, Maurizio"]
[Result "1-0"]
[WhiteElo "2545"]
[BlackElo "2275"]
[PlyCount "73"]
[EventDate "1998.04.24"]

1. e4 e6 2. d4 d5 3. Nc3 Bb4 4. e5 c5 5. a3 Bxc3+ 6. bxc3 Qc7 7. Nf3 Nc6 8. Bb5
Bd7 9. a4 f6 10. O-O Nge7 11. Re1 O-O-O 12. Ba3 fxe5 13. dxe5 b6 14. Nd4 Rdf8
15. Rb1 Kd8 16. Bxc6 Nxc6 17. Nb5 Qb8 18. Qg4 h6 19. Qg3 g5 20. c4 d4 21. c3
Rf4 22. cxd4 Nxd4 23. Nxd4 Rxd4 24. Bxc5 Rxc4 25. Bd6 Qb7 26. Qd3 Qc6 27. a5 b5
28. Qe3 a6 29. Rec1 Bc8 30. Rxc4 bxc4 31. Qa7 Qd7 32. Qb6+ Ke8 33. Rb4 Rh7 34.
Rxc4 Qb7 35. Qe3 Bd7 36. Qd3 Bb5 37. Qg6+ 1-0

[Event "IV Torneo Leonardo di Bona Internazionale"]
[Site "Cutro ITA"]
[Date "1998.04.26"]
[Round "3"]
[White "Borgo, Giulio"]
[Black "Zontakh, Andrey"]
[Result "1/2-1/2"]
[WhiteElo "2430"]
[BlackElo "2545"]
[PlyCount "98"]
[EventDate "1998.04.24"]

1. e4 c5 2. Nf3 Nc6 3. Bb5 g6 4. Bxc6 bxc6 5. O-O Bg7 6. Re1 Nh6 7. c3 O-O 8.
d4 cxd4 9. cxd4 d6 10. h3 f6 11. Nc3 Bd7 12. b3 Qa5 13. Bb2 Qh5 14. Ne2 g5 15.
Ng3 Qf7 16. Rc1 Rac8 17. Qd2 Rc7 18. Rc2 Rb7 19. Bc3 g4 20. hxg4 Nxg4 21. Nh4
d5 22. Nhf5 dxe4 23. Rxe4 Bxf5 24. Nxf5 Qh5 25. Qf4 Nh6 26. g4 Qg6 27. Rxe7
Nxf5 28. Rxb7 Nd6 29. Rxg7+ Kxg7 30. Re2 Nb5 31. Bd2 Rf7 32. Re6 Rd7 33. Be3
Nc3 34. Kg2 h5 35. Qf5 hxg4 36. Rxf6 Qxf5 37. Rxf5 Nxa2 38. Rc5 Nb4 39. Bd2 Rb7
40. Bxb4 Rxb4 41. Rxc6 Rxb3 42. Rc7+ Kf6 43. Rxa7 Rd3 44. Rd7 Ke6 45. Rd8 Ke7
46. Rd5 Ke6 47. Re5+ Kf6 48. Rd5 Ke6 49. Re5+ Kf6 1/2-1/2

[Event "IV Torneo Leonardo di Bona Internazionale"]
[Site "Cutro ITA"]
[Date "1998.04.26"]
[Round "3"]
[White "Martorelli, Antonio"]
[Black "Aleksic, Nenad"]
[Result "1/2-1/2"]
[WhiteElo "2405"]
[BlackElo "2445"]
[PlyCount "46"]
[EventDate "1998.04.24"]

1. e4 c5 2. Nf3 d6 3. d4 cxd4 4. Nxd4 Nf6 5. Nc3 a6 6. Bc4 e6 7. O-O b5 8. Bb3
Be7 9. f4 O-O 10. f5 e5 11. Nde2 Bb7 12. Ng3 Nbd7 13. Bg5 Rc8 14. Nh5 b4 15.
Bxf6 Nxf6 16. Nxf6+ Bxf6 17. Nd5 Bxd5 18. Bxd5 Qb6+ 19. Kh1 Rc5 20. Qd3 a5 21.
a4 Qc7 22. Bb3 h6 23. Rad1 Rd8 1/2-1/2

[Event "IV Torneo Leonardo di Bona Internazionale"]
[Site "Cutro ITA"]
[Date "1998.04.27"]
[Round "4"]
[White "Aleksic, Nenad"]
[Black "Abatino, Maurizio"]
[Result "1-0"]
[WhiteElo "2445"]
[BlackElo "2275"]
[PlyCount "77"]
[EventDate "1998.04.24"]

1. e4 e6 2. Nf3 d5 3. Nc3 d4 4. Ne2 c5 5. c3 Nf6 6. d3 Nc6 7. g3 e5 8. Bg2 Be7
9. O-O O-O 10. c4 Ne8 11. Ne1 Be6 12. f4 f6 13. Nf3 Nd6 14. b3 a6 15. f5 Bf7
16. g4 b5 17. Ng3 a5 18. Ba3 Qb6 19. h4 a4 20. g5 axb3 21. axb3 bxc4 22. bxc4
Nb4 23. gxf6 gxf6 24. Nxe5 fxe5 25. f6 Bxf6 26. Rxf6 Bg6 27. Rxf8+ Kxf8 28. Qb3
Rb8 29. Rf1+ Ke7 30. Bc1 Qa5 31. Qd1 Kd7 32. h5 Bf7 33. Qg4+ Kc6 34. Nf5 Be6
35. Qg3 Re8 36. Qxe5 Bxf5 37. exf5+ Kc7 38. Qg7+ Kb6 39. Bf4 1-0

[Event "IV Torneo Leonardo di Bona Internazionale"]
[Site "Cutro ITA"]
[Date "1998.04.27"]
[Round "4"]
[White "Efimov, Igor"]
[Black "Martorelli, Antonio"]
[Result "0-1"]
[WhiteElo "2525"]
[BlackElo "2405"]
[PlyCount "96"]
[EventDate "1998.04.24"]

1. Nf3 Nf6 2. c4 g6 3. d4 Bg7 4. Nc3 O-O 5. e4 d6 6. h3 c5 7. d5 e6 8. Bd3 exd5
9. cxd5 b5 10. Nxb5 Re8 11. Nc3 Nxe4 12. Nxe4 f5 13. Nfg5 fxe4 14. Bc4 e3 15.
Ne6 Qh4 16. Qg4 exf2+ 17. Kf1 Qxg4 18. hxg4 Bxe6 19. dxe6 Nc6 20. Kxf2 Rab8 21.
Bf4 Rxb2+ 22. Kg3 Rb4 23. Rac1 Be5 24. Rhf1 Bxf4+ 25. Rxf4 Ne5 26. Ba6 Rxf4 27.
Kxf4 Rxe6 28. g5 Re7 29. Rd1 Nf7 30. Bc4 Kg7 31. Bxf7 Rxf7+ 32. Ke4 Re7+ 33.
Kd5 Re5+ 34. Kxd6 Rxg5 35. Rd2 h5 36. Rc2 c4 37. a4 a5 38. Kc6 Kf6 39. Kb6 Rg4
40. Kxa5 Ke5 41. Kb4 c3+ 42. Kb3 Kd4 43. a5 Rg5 44. Kb4 Rc5 45. a6 Rc7 46. Rc1
Kd3 47. Rd1+ Ke2 48. Rc1 Kd2 0-1

[Event "IV Torneo Leonardo di Bona Internazionale"]
[Site "Cutro ITA"]
[Date "1998.04.28"]
[Round "5"]
[White "Abatino, Maurizio"]
[Black "Efimov, Igor"]
[Result "0-1"]
[WhiteElo "2275"]
[BlackElo "2525"]
[PlyCount "98"]
[EventDate "1998.04.24"]

1. d4 Nf6 2. c4 e6 3. Nc3 Bb4 4. e3 O-O 5. Bd3 b6 6. Nge2 Bb7 7. O-O d5 8. cxd5
exd5 9. Ng3 Re8 10. Bd2 Bf8 11. a3 c5 12. dxc5 bxc5 13. Rc1 Nbd7 14. Na4 d4 15.
exd4 cxd4 16. Re1 Ne5 17. Bf1 Qd5 18. Bb4 Bxb4 19. axb4 d3 20. Rc5 Qd4 21. Qd2
g6 22. Rc7 Bd5 23. Nc5 Rad8 24. Rd1 Qh4 25. Nxd3 Nfg4 26. h3 Qxh3 27. gxh3 Nf3+
28. Kh1 Nxd2+ 29. Bg2 Bb3 30. Ra1 Ne3 31. Bc6 Rxd3 32. Bxe8 Bd5+ 33. Kg1 Nf3+
34. Kh1 Ng5+ 35. Kh2 Rd2 36. Nh1 Nf3+ 37. Kg3 Nf5+ 38. Kg2 Ng5+ 39. Kh2 Nf3+
40. Kg2 Ne5+ 41. Kh2 Rxb2 42. b5 Nf3+ 43. Kg2 Ne5+ 44. Kh2 h5 45. Bc6 Nf3+ 46.
Kg2 Ne3+ 47. Kg3 h4+ 48. Kf4 Ng2+ 49. Kg4 f5# 0-1

[Event "IV Torneo Leonardo di Bona Internazionale"]
[Site "Cutro ITA"]
[Date "1998.04.28"]
[Round "5"]
[White "Martorelli, Antonio"]
[Black "Drasko, Milan"]
[Result "0-1"]
[WhiteElo "2405"]
[BlackElo "2515"]
[PlyCount "80"]
[EventDate "1998.04.24"]

1. e4 e6 2. d4 d5 3. Nc3 Bb4 4. e5 Ne7 5. Bd3 c5 6. a3 Bxc3+ 7. bxc3 Nbc6 8.
Nf3 Qa5 9. O-O b6 10. c4 dxc4 11. Be4 cxd4 12. Nxd4 Bb7 13. Nxc6 Bxc6 14. Bxc6+
Nxc6 15. Qd6 Qd5 16. Qxd5 exd5 17. Bb2 d4 18. Rae1 O-O-O 19. c3 d3 20. Re4 b5
21. a4 a6 22. Ba3 Rhe8 23. axb5 axb5 24. f4 f5 25. Re3 Rd5 26. Rg3 g6 27. Rh3
h5 28. Rg3 Re6 29. Rd1 Na5 30. Bd6 Nb3 31. h4 Kb7 32. Rf3 Re8 33. Rg3 Re6 34.
Rf3 Kc6 35. Rf2 d2 36. Kf1 Rd3 37. Bb4 Kd5 38. Re2 Ra6 39. Kf2 Ke6 40. Re3 Ra1
0-1

[Event "IV Torneo Leonardo di Bona Internazionale"]
[Site "Cutro ITA"]
[Date "1998.04.29"]
[Round "6"]
[White "Drasko, Milan"]
[Black "Abatino, Maurizio"]
[Result "1-0"]
[WhiteElo "2515"]
[BlackElo "2275"]
[PlyCount "59"]
[EventDate "1998.04.24"]

1. d4 Nf6 2. c4 e6 3. Nc3 Bb4 4. Qc2 O-O 5. a3 Bxc3+ 6. Qxc3 Qe8 7. f3 d6 8. e4
e5 9. Be3 Nfd7 10. Ne2 c5 11. d5 f5 12. exf5 Nf6 13. Ng3 e4 14. f4 Nbd7 15. a4
h5 16. Be2 Qf7 17. Qc2 Re8 18. Qd1 h4 19. Nf1 Nf8 20. g4 N6h7 21. Nd2 g6 22.
fxg6 Nxg6 23. O-O Qg7 24. Ra2 h3 25. Qe1 Qh6 26. Qg3 Ngf8 27. Bd1 Re7 28. f5
Ng5 29. Qf4 Nfh7 30. Nxe4 1-0

[Event "IV Torneo Leonardo di Bona Internazionale"]
[Site "Cutro ITA"]
[Date "1998.04.30"]
[Round "7"]
[White "Barlov, Dragan"]
[Black "Efimov, Igor"]
[Result "0-1"]
[WhiteElo "2490"]
[BlackElo "2525"]
[PlyCount "64"]
[EventDate "1998.04.24"]

1. d4 e6 2. c4 c5 3. d5 exd5 4. cxd5 d6 5. Nc3 g6 6. Nf3 Bg7 7. Nd2 Nd7 8. e4
Ne7 9. Nc4 Ne5 10. Qa4+ Kf8 11. Nxe5 Bxe5 12. Bh6+ Bg7 13. Bxg7+ Kxg7 14. f4 a6
15. Be2 f5 16. Bf3 fxe4 17. Bxe4 Nf5 18. Bxf5 Bxf5 19. O-O b5 20. Qd1 b4 21.
Ne2 Qf6 22. Qd2 Rhe8 23. Ng3 a5 24. Rae1 Rac8 25. b3 Rxe1 26. Rxe1 Qd4+ 27.
Qxd4+ cxd4 28. Nxf5+ gxf5 29. Rd1 Rc2 30. Rxd4 Rxa2 31. Rc4 Kf6 32. Rc6 a4 0-1

[Event "IV Torneo Leonardo di Bona Internazionale"]
[Site "Cutro ITA"]
[Date "1998.04.30"]
[Round "7"]
[White "Borgo, Giulio"]
[Black "Drasko, Milan"]
[Result "1/2-1/2"]
[WhiteElo "2430"]
[BlackElo "2515"]
[PlyCount "34"]
[EventDate "1998.04.24"]

1. e4 e6 2. d4 d5 3. Nc3 Bb4 4. e5 c5 5. Bd2 Ne7 6. dxc5 O-O 7. Qg4 Nbc6 8. Nf3
Ng6 9. O-O-O Bxc5 10. Qh5 Bxf2 11. Bd3 Nb4 12. Be2 Qc7 13. a3 d4 14. axb4 dxc3
15. bxc3 a5 16. b5 h6 17. Rhf1 Qc5 1/2-1/2

[Event "IV Torneo Leonardo di Bona Internazionale"]
[Site "Cutro ITA"]
[Date "1998.04.30"]
[Round "7"]
[White "Chatalbashev, Boris"]
[Black "Aleksic, Nenad"]
[Result "1-0"]
[WhiteElo "2550"]
[BlackElo "2445"]
[PlyCount "67"]
[EventDate "1998.04.24"]

1. d4 Nf6 2. c4 e6 3. Nf3 b6 4. e3 Bb7 5. Nc3 Bb4 6. Bd3 Ne4 7. O-O f5 8. d5
Bxc3 9. bxc3 O-O 10. Ba3 Re8 11. Nd4 c5 12. dxc6 Bxc6 13. Bxe4 fxe4 14. Qg4 Qc7
15. Nb5 Bxb5 16. cxb5 d5 17. c4 Nd7 18. cxd5 exd5 19. Rac1 Nc5 20. Rc2 Rac8 21.
Rfc1 Qd6 22. h4 Rc7 23. Bb2 Ree7 24. Bd4 h6 25. h5 Rf7 26. a4 Rf8 27. a5 Kh7
28. Rc3 Rfc8 29. Qf5+ Kg8 30. Be5 Qd7 31. Qg6 Qxb5 32. Bxc7 Rxc7 33. axb6 axb6
34. Ra1 1-0

[Event "IV Torneo Leonardo di Bona Internazionale"]
[Site "Cutro ITA"]
[Date "1998.04.30"]
[Round "7"]
[White "Martorelli, Antonio"]
[Black "Cabrilo, Goran"]
[Result "0-1"]
[WhiteElo "2405"]
[BlackElo "2490"]
[PlyCount "62"]
[EventDate "1998.04.24"]

1. e4 c5 2. Nf3 d6 3. d4 cxd4 4. Nxd4 Nf6 5. Nc3 Nc6 6. Bc4 Qb6 7. Nb3 e6 8.
O-O Be7 9. Be3 Qc7 10. f4 a6 11. a4 b6 12. Bd3 O-O 13. g4 g6 14. g5 Nd7 15. Qg4
Bb7 16. Qh4 Nb4 17. f5 exf5 18. exf5 Nxd3 19. cxd3 h5 20. f6 Bd8 21. d4 Rc8 22.
Bf4 Qc4 23. Ra3 b5 24. axb5 axb5 25. Ra8 Bxa8 26. Re1 Ne5 27. Bxe5 dxe5 28. Nd2
Qd3 29. Qf2 Bb6 30. Nb3 Rfd8 31. Rxe5 Rxd4 0-1

[Event "IV Torneo Leonardo di Bona Internazionale"]
[Site "Cutro ITA"]
[Date "1998.05.01"]
[Round "8"]
[White "Martorelli, Antonio"]
[Black "Abatino, Maurizio"]
[Result "0-1"]
[WhiteElo "2405"]
[BlackElo "2275"]
[PlyCount "106"]
[EventDate "1998.04.24"]

1. c4 Nf6 2. Nc3 e6 3. d4 Bb4 4. Qb3 c5 5. dxc5 Nc6 6. Bg5 Bxc5 7. e3 b6 8. Nf3
Bb7 9. Be2 h6 10. Bh4 Qe7 11. a3 g5 12. Bg3 Nh5 13. Qc2 Nxg3 14. hxg3 Qf8 15.
Nb5 O-O-O 16. b4 Be7 17. Qa4 a6 18. Nbd4 Qg7 19. Rc1 Bf6 20. Nxc6 Bc3+ 21. Kf1
dxc6 22. c5 b5 23. Qb3 Bf6 24. g4 Qg6 25. Ne1 Bg7 26. Rh3 Rd7 27. Bd3 Qf6 28.
Rc2 Rhd8 29. Rf3 Qe5 30. Ke2 Kb8 31. Bh7 h5 32. Nd3 Qh2 33. Rh3 Qxg2 34. Rg3
Qh2 35. Be4 hxg4 36. Rc1 Qh6 37. Rh1 Qf6 38. Rxg4 Qe7 39. Rhg1 f5 40. Rxg5 fxe4
41. Rxg7 exd3+ 42. Kd2 Qf6 43. R7g2 e5 44. Qc3 Qf5 45. Rh2 e4 46. Rg7 Qf3 47.
Rxd7 Rxd7 48. Qh8+ Ka7 49. Qh5 Qf6 50. Qh8 Rg7 51. Rg2 Qb2+ 52. Kd1 Qc2+ 53.
Ke1 Qe2# 0-1

[Event "IV Torneo Leonardo di Bona Internazionale"]
[Site "Cutro ITA"]
[Date "1998.05.02"]
[Round "9"]
[White "Abatino, Maurizio"]
[Black "Cabrilo, Goran"]
[Result "0-1"]
[WhiteElo "2275"]
[BlackElo "2490"]
[PlyCount "76"]
[EventDate "1998.04.24"]

1. d4 Nf6 2. c4 g6 3. Nc3 Bg7 4. e4 d6 5. Be2 O-O 6. Bg5 Nbd7 7. Qd2 e5 8. d5
Nc5 9. f3 a5 10. h4 h5 11. Nh3 c6 12. Nf2 a4 13. Rb1 cxd5 14. cxd5 Bd7 15. O-O
Qe8 16. b4 axb3 17. axb3 Nh7 18. Be3 Qd8 19. g3 f5 20. exf5 gxf5 21. f4 Qf6 22.
Rfc1 Qg6 23. Kh2 Rae8 24. Bxc5 exf4 25. gxf4 dxc5 26. Nh3 Nf6 27. Ng5 Ng4+ 28.
Bxg4 fxg4 29. Re1 Qf5 30. Ne2 Be5 31. Rf1 Bd6 32. Ng3 Bxf4 33. Qc3 Qe5 34. Qxe5
Rxe5 35. Kg2 Rxd5 36. Rbd1 Bc6 37. N5e4 Rxd1 38. Rxd1 Bxg3 0-1

[Event "IV Torneo Leonardo di Bona Internazionale"]
[Site "Cutro ITA"]
[Date "1998.05.02"]
[Round "9"]
[White "Skembris, Spyridon"]
[Black "Aleksic, Nenad"]
[Result "1/2-1/2"]
[WhiteElo "2490"]
[BlackElo "2445"]
[PlyCount "90"]
[EventDate "1998.04.24"]

1. d4 Nf6 2. c4 e6 3. Nf3 b6 4. g3 Bb7 5. Bg2 Be7 6. O-O O-O 7. Nc3 Ne4 8. Qc2
Nxc3 9. Qxc3 f5 10. b3 Bf6 11. Bb2 Qe7 12. Rad1 d6 13. Rd2 Nd7 14. Qc1 a5 15.
Rfd1 Be4 16. a3 e5 17. dxe5 Nxe5 18. Nxe5 Bxe5 19. Bxe5 Qxe5 20. Rd5 Qe7 21.
Bxe4 Qxe4 22. e3 Rae8 23. R1d4 Qf3 24. Rf4 Qh5 25. e4 Re5 26. Rxe5 dxe5 27.
Rxf5 Rxf5 28. exf5 Qxf5 29. Qd1 h6 30. Qd5+ Kh7 31. Kg2 c5 32. h4 Qc2 33. Qxe5
Qxb3 34. Qe4+ Kg8 35. g4 Qxa3 36. Qe8+ Kh7 37. Qe4+ Kg8 38. Qe6+ Kf8 39. Qxb6
Qb4 40. Qd8+ Kf7 41. Qd7+ Kf8 42. Qd8+ Kf7 43. Qd5+ Ke7 44. Qe5+ Kf7 45. Qd5+
Ke7 1/2-1/2

[Event "IV Torneo Leonardo di Bona Internazionale"]
[Site "Cutro ITA"]
[Date "1998.05.02"]
[Round "9"]
[White "Zontakh, Andrey"]
[Black "Efimov, Igor"]
[Result "1/2-1/2"]
[WhiteElo "2545"]
[BlackElo "2525"]
[PlyCount "192"]
[EventDate "1998.04.24"]

1. e4 c5 2. Nf3 d6 3. d4 cxd4 4. Nxd4 Nf6 5. Nc3 Bd7 6. Be2 Bc6 7. O-O Nbd7 8.
Bg5 e6 9. Bb5 g6 10. Be2 Be7 11. Nxc6 bxc6 12. Bh6 Rb8 13. b3 Qa5 14. Qd2 Ng8
15. Bg7 Bf6 16. Bxf6 Ngxf6 17. Rfd1 O-O 18. Bf3 Rfd8 19. Nd5 Qxd2 20. Nxf6+
Nxf6 21. Rxd2 d5 22. Rad1 Rdc8 23. Rd4 c5 24. Ra4 dxe4 25. Bxe4 Rb4 26. Bf3
Rxa4 27. bxa4 Rb8 28. g3 Rb2 29. Rd8+ Kg7 30. Ra8 Rxc2 31. Rxa7 Rxa2 32. Rc7
Rxa4 33. Rxc5 h5 34. h4 Ra2 35. Rb5 Rc2 36. Ra5 Nd7 37. Ra3 Ne5 38. Re3 Rc5 39.
Be2 Nc6 40. Re4 Ne7 41. Ra4 Nf5 42. Rb4 Nd6 43. Rd4 Rc6 44. Ra4 Rc1+ 45. Kg2
Kf6 46. Ra6 Nf5 47. Bd3 Ne7 48. Be4 Ke5 49. Bf3 Nf5 50. Ra7 Kf6 51. Rd7 Rc4 52.
Ra7 Nd4 53. Rd7 Rb4 54. Rb7 Ra4 55. Rd7 Rc4 56. Be4 Ra4 57. Bf3 Nf5 58. Kg1 Ra6
59. Kg2 Nd6 60. Be2 Rb6 61. Bf3 Ke5 62. Ra7 f5 63. Rg7 Kf6 64. Rd7 Nc4 65. Rb7
Rd6 66. Be2 Ne5 67. Rb2 Nd7 68. Rc2 Nb6 69. Bf3 Rd4 70. Be2 Nd5 71. Rc6 Ne7 72.
Rc4 Rd2 73. Kf1 Rb2 74. Ra4 Nd5 75. Ra6 Nb6 76. Ra7 Nc8 77. Ra6 Rb4 78. Kg2 Nb6
79. Ra5 Nd5 80. Bf3 Nc7 81. Be2 Ke7 82. Rc5 Kd6 83. Rc4 Rb6 84. Rd4+ Ke7 85.
Rc4 Ne8 86. Bf3 Kd7 87. Rc5 Nc7 88. Be2 Kd6 89. Rc2 e5 90. Bc4 Kd7 91. Ra2 Rc6
92. Bb3 Ke7 93. Rc2 Rxc2 94. Bxc2 Ne6 95. Ba4 Nd4 96. f3 Kf6 1/2-1/2